Southville International School and Colleges
Your cart is empty.
  • Cart
  • Lists
    Public lists Eva Luna New books Lux_list list_1
    Your lists Log in to create your own lists
  • Log in to your account
  • Your cookies
  • Search history
Southville International School and Colleges
  • Advanced search
  • Recent comments
  • Most popular
  • Libraries

Log in to your account

Log in with GOOGLE


If you do not have an external account, but do have a local account, you can still log in:

  1. Home
  2. MARC view: Strategic planning for public and nonprofit organizations :
Normal view MARC view ISBD view

Strategic planning for public and nonprofit organizations : (Record no. 368312)

[ view plain ]
MARC details
000 -LEADER
fixed length control field 00812nam a22002177a 4500
003 - CONTROL NUMBER IDENTIFIER
control field 0
005 - DATE AND TIME OF LATEST TRANSACTION
control field 20251021122116.0
008 - FIXED-LENGTH DATA ELEMENTS--GENERAL INFORMATION
fixed length control field 251021b xxu||||| |||| 00| 0 eng d
020 ## - INTERNATIONAL STANDARD BOOK NUMBER
International Standard Book Number 978-1-394-27402-4
050 ## - LIBRARY OF CONGRESS CALL NUMBER
Classification number HD 30.28
Item number .B79 2024
100 ## - MAIN ENTRY--PERSONAL NAME
Personal name Bryson, John M.,
Relator term author.
245 ## - TITLE STATEMENT
Title Strategic planning for public and nonprofit organizations :
Remainder of title a guide to strengthening and sustaining organizational achievement /
Statement of responsibility, etc John M. Bryson and Bert George.
260 ## - PUBLICATION, DISTRIBUTION, ETC. (IMPRINT)
Place of publication, distribution, etc Hoboken, New Jersey :
Name of publisher, distributor, etc John Wiley & Sons, Inc.,
Date of publication, distribution, etc 2024.
300 ## - PHYSICAL DESCRIPTION
Extent xxxvi, 556 pages ;
Dimensions 26 cm.
504 ## - BIBLIOGRAPHY, ETC. NOTE
Bibliography, etc Includes bibliographical references and index.
650 ## - SUBJECT ADDED ENTRY--TOPICAL TERM
Topical term or geographic name as entry element Strategic planning.
650 ## - SUBJECT ADDED ENTRY--TOPICAL TERM
Topical term or geographic name as entry element Nonprofit organizations
General subdivision Management.
650 ## - SUBJECT ADDED ENTRY--TOPICAL TERM
Topical term or geographic name as entry element Public administration.
700 ## - ADDED ENTRY--PERSONAL NAME
Personal name George, Bert,
Relator term author.
942 ## - ADDED ENTRY ELEMENTS (KOHA)
Source of classification or shelving scheme Library of Congress Classification
Koha item type Books
Holdings
Withdrawn status Lost status Source of classification or shelving scheme Damaged status Home library Current library Shelving location Date acquired Source of acquisition Sub Shelving location Total Checkouts Full call number Barcode Date last seen Price effective from Koha item type
    Library of Congress Classification   College Library College Library Reserve Section 06/04/2025 Library Fund     HD 30.28 .B79 2024 C25417 10/21/2025 10/21/2025 Books

Strategic planning for public and nonprofit organizations :

APA

Bryson J. M., George B., . (2024). Strategic planning for public and nonprofit organizations. Hoboken, New Jersey: John Wiley & Sons, Inc.

Chicago

Bryson John M, George Bert, . 2024. Strategic planning for public and nonprofit organizations. Hoboken, New Jersey: John Wiley & Sons, Inc.

Harvard

Bryson J. M., George B., . (2024). Strategic planning for public and nonprofit organizations. Hoboken, New Jersey: John Wiley & Sons, Inc.

MLA

Bryson John M, George Bert, . Strategic planning for public and nonprofit organizations. Hoboken, New Jersey: John Wiley & Sons, Inc. 2024.

  • Place hold
  • Print
  • Cite
  • Add to your cart (remove)
  • Save record
    BIBTEX Dublin Core MARCXML MARC (non-Unicode/MARC-8) MARC (Unicode/UTF-8) MARC (Unicode/UTF-8, Standard) MODS (XML) RIS
  • More searches
    Search for this title in:
    Other Libraries (WorldCat) Other Databases (Google Scholar) Online Stores (Bookfinder.com) Open Library (openlibrary.org)

Exporting to Dublin Core...

SOUTHVILLE LIBRARY

Southville International School and Colleges Library

1281 Tropical Ave. Cor. Luxembourg St., BF Homes International, Las Pinas City

Tel. No. 8256374 / 252358 Loc. 117/146

Powered by Koha